[Event "1st WMSG Rapid Ind w"]
[Site "Beijing CHN"]
[Date "2008.10.06"]
[Round "4"]
[White "Dworakowska,J"]
[Black "Gomes,Mary"]
[Result "1-0"]
[WhiteElo "2363"]
[BlackElo "2298"]

1.e4 c5 2.Nf3 d6 3.d4 cxd4 4.Nxd4 Nf6 5.Nc3 a6 6.Be3 e5 7.Nf3 h6 8.Bc4 Be7
9.O-O O-O 10.Qe2 Be6 11.Rfd1 Bxc4 12.Qxc4 b5 13.Qe2 Nbd7 14.a4 b4 15.Nd5 Nxd5
16.Rxd5 Nf6 17.Rdd1 Qc7 18.Nd2 Rfc8 19.Rac1 Qc6 20.b3 d5 21.exd5 Nxd5 22.Re1 f5
23.Nc4 Qf6 24.a5 Nc3 25.Qf1 Bc5 26.Nb6 Bxb6 27.axb6 Qc6 28.Ra1 a5 29.Qc4+ Qxc4
30.bxc4 Rxc4 31.b7 Rb8 32.Rxa5 Rxb7 33.Rxe5 f4 34.Rc5 Re4 35.Bd2 Rxe1+ 36.Bxe1 Rd7
37.Kf1 Rd1 38.Rc4 Nd5 39.Ke2 Rc1 40.Bd2 Rh1 41.Bxf4 Nxf4+ 42.Rxf4 Rxh2 43.g3 Rh5
44.Rxb4 Rc5 45.Kd3 Kf7 46.Re4 g5 47.g4 Rc6 48.c4 Kg6 49.Kd4 Rd6+  1-0

[Event "ch-Commonwealth"]
[Site "Nagpur IND"]
[Date "2008.10.06"]
[Round "11"]
[White "Abhishek,K"]
[Black "Grover,S"]
[Result "0-1"]
[WhiteElo "2120"]
[BlackElo "2306"]

1.e4 c5 2.Nf3 d6 3.d4 cxd4 4.Nxd4 Nf6 5.Nc3 a6 6.Be3 e5 7.Nb3 Be6 8.f3 Be7
9.Qd2 Nbd7 10.g4 O-O 11.O-O-O b5 12.g5 b4 13.Ne2 Ne8 14.Ng3 a5 15.Kb1 a4
16.Nc1 Nc7 17.h4 a3 18.b3 d5 19.Nf5 Ra5 20.Nxe7+ Qxe7 21.h5 d4 22.Bf2 Rc5
23.Nd3 Rc3 24.f4 Bg4 25.Be2 Bxe2 26.Qxe2 Rc8 27.Nxe5 Nxe5 28.fxe5 d3 29.Rxd3 Nb5
30.Rd5 Qc7 31.Bb6 Qc6 32.Rhd1 Rxb3+ 33.cxb3 Nc3+ 34.Ka1 Nxd5 35.Qd2  0-1

[Event "Chigorin Memorial"]
[Site "St Petersburg RUS"]
[Date "2008.10.06"]
[Round "4"]
[White "Lanin,A"]
[Black "Amonatov,F"]
[Result "0-1"]
[WhiteElo "2465"]
[BlackElo "2634"]

1.e4 c5 2.Nf3 d6 3.d4 cxd4 4.Nxd4 Nf6 5.Nc3 a6 6.Be3 e5 7.Nb3 Be7 8.Qd2 O-O
9.f3 Be6 10.O-O-O Nbd7 11.g4 b5 12.g5 Nh5 13.Nd5 Bxd5 14.exd5 f5 15.gxf6 Bxf6
16.Na5 Nf4 17.Nc6 Qe8 18.Rg1 Qh5 19.Rg4 Bg5 20.Qb4 Ne2+ 21.Kd2 Bxe3+ 22.Kxe3 Nd4
23.Nxd4 exd4+ 24.Qxd4 Ne5 25.Rf4 Qh6  0-1

[Event "Chigorin Memorial"]
[Site "St Petersburg RUS"]
[Date "2008.10.06"]
[Round "4"]
[White "Sivokho,S"]
[Black "Fedoseev,Vl3"]
[Result "1-0"]
[WhiteElo "2486"]
[BlackElo "2312"]

1.e4 c5 2.Nf3 d6 3.d4 Nf6 4.Nc3 cxd4 5.Nxd4 a6 6.Be3 e6 7.g4 e5 8.Nf5 h5
9.g5 Nxe4 10.Nxg7+ Bxg7 11.Nxe4 d5 12.Ng3 d4 13.Bd2 Qd5 14.c4 Qc6 15.Bd3 Bg4
16.Qc2 Nd7 17.Be4 Qc7 18.O-O O-O-O 19.b4 Kb8 20.c5 d3 21.Qb2 h4 22.Nf5 Bxf5
23.Bxf5 Rhg8 24.Rac1 e4 25.Qb3 Ne5 26.Bxe4 Rd4 27.f3 Rxe4 28.fxe4 Ng4 29.Rf4 Bd4+
30.Kh1 Rxg5 31.Qxd3 Be5 32.Rcf1 Nxh2 33.Rxf7 Rg3 34.Qc4 Ng4 35.R1f3 Qc8 36.Rf8 Rh3+
37.Kg2 Rg3+ 38.Rxg3 Qxf8 39.Rxg4 h3+ 40.Kxh3 Qf3+ 41.Kh4 Qf2+ 42.Kh5 Qh2+
43.Kg6 Qxd2 44.Qd5 Qh2 45.Qd8+ Ka7 46.Qb6+ Ka8 47.c6 bxc6 48.Qxa6+ Kb8 49.Qb6+ Kc8
50.Qxc6+ Bc7 51.b5 Qxa2 52.Rg5 Qg8+ 53.Kh5 Qf7+ 54.Kh6 Qf8+ 55.Kh7 Qe7+ 56.Rg7 Qh4+
57.Kg8 Qd8+ 58.Kf7  1-0

[Event "1st WMSG Rapid Ind w"]
[Site "Beijing CHN"]
[Date "2008.10.07"]
[Round "8"]
[White "Borosova,Z"]
[Black "Gomes,Mary"]
[Result "1-0"]
[WhiteElo "2234"]
[BlackElo "2298"]

1.e4 c5 2.Nf3 d6 3.d4 cxd4 4.Nxd4 Nf6 5.Nc3 a6 6.Be3 e5 7.Nb3 Be6 8.f3 Nbd7
9.Qd2 b5 10.O-O-O Nb6 11.Qf2 Nfd7 12.f4 Qc7 13.Kb1 Rc8 14.f5 Bc4 15.Bxc4 bxc4
16.Nc1 Rb8 17.Bxb6 Nxb6 18.Nd5 Nxd5 19.Rxd5 Be7 20.h4 O-O 21.g4 Rb4 22.c3 Rb7
23.Rhd1 Rfb8 24.R1d2 h6 25.Ne2 Qd8 26.h5 Bg5 27.Rc2 Rb5 28.Ng3 Rxd5 29.exd5 Qa5
30.Qg2 Rb5 31.Ne4 Rxd5 32.Nxg5 hxg5 33.Rc1 Qb5 34.h6 gxh6 35.Qh2 Qb8 36.Qxh6 Qf8
37.Qxg5+ Qg7 38.Qd8+ Qf8 39.Qh4 f6 40.g5 fxg5 41.Qxg5+ Qg7 42.Qd8+ Kf7 43.Qd7+ Kg8
44.Qc8+ Qf8 45.Rg1+  1-0

[Event "Chigorin Memorial"]
[Site "St Petersburg RUS"]
[Date "2008.10.07"]
[Round "5"]
[White "Urjubdshzirov,E"]
[Black "Matlakov,M"]
[Result "0-1"]
[WhiteElo "2299"]
[BlackElo "2490"]

1.e4 c5 2.Nf3 d6 3.d4 cxd4 4.Nxd4 Nf6 5.Nc3 a6 6.Be3 e6 7.f4 Qc7 8.Bd3 b5
9.Qf3 Bb7 10.O-O Nbd7 11.a3 h5 12.h3 Be7 13.Rf2 g6 14.Re1 Nc5 15.Rd2 h4 16.Bf2 Nh5
17.Nde2 Rd8 18.Qe3 O-O 19.Rc1 e5 20.f5 gxf5 21.Qh6 Ng7 22.Nd5 Bxd5 23.exd5 Ne4
24.Bxe4 fxe4 25.Nc3 f5 26.Bxh4 e3 27.Re2 Bxh4 28.Qxh4 f4 29.Ne4 Qf7 30.Ng5 Qg6
31.c3 Rf5 32.Ne4 Rdf8 33.Qg4 Qh6 34.Rf1 Kh8 35.Qf3 Rh5 36.Rxe3 Nf5 37.Re2 Rg8
38.Kh2 Ng3 39.Rfe1 Nxe4 40.Rxe4 Rg3 41.Qf1 Qg6 42.R4e2 f3 43.Rd2 Qg5 44.Re4 Rgxh3+
45.gxh3 Qxd2+ 46.Kh1 Rg5 47.Rh4+ Kg7 48.Rg4 Rxg4 49.hxg4 e4 50.Qb1  0-1

[Event "1st WMSG Blitz Pair"]
[Site "Beijing CHN"]
[Date "2008.10.08"]
[Round "9"]
[White "Socko,B"]
[Black "Aveskulov,V"]
[Result "0-1"]
[WhiteElo "2631"]
[BlackElo "2544"]

1.e4 c5 2.Nf3 d6 3.d4 Nf6 4.Nc3 cxd4 5.Nxd4 a6 6.Be3 e5 7.Nf3 Be7 8.Bc4 O-O
9.O-O Nc6 10.Qd3 Na5 11.Bb3 Bd7 12.Rfd1 h6 13.Bd5 Qc7 14.b4 Nc6 15.Rab1 b5
16.a3 Rac8 17.Bd2 Qb6 18.Be3 Qc7 19.Bd2 Qb6 20.Bb3 Nd4 21.Nxd4 Qxd4 22.Be1 Qb6
23.Nd5 Nxd5 24.Bxd5 Be6 25.Rb3 Bxd5 26.exd5 Rc4 27.Rc3 Rfc8 28.Rxc4 Rxc4
29.Qe2 Qc7 30.c3 Qc8 31.h3 Bd8 32.Rd3 Qf5 33.Rg3 Bb6 34.Kh2 Re4 35.Qc2 Qf4
36.Bd2 Qxf2 37.Qd1 Re2 38.Bxh6 g6 39.Qb1 Kh7 40.Qc1 Re1 41.Be3  0-1

[Event "1st WMSG Rapid Pair"]
[Site "Beijing CHN"]
[Date "2008.10.09"]
[Round "3"]
[White "Erdogdu,M"]
[Black "Paragua,M"]
[Result "0-1"]
[WhiteElo "2449"]
[BlackElo "2526"]

1.e4 c5 2.Nf3 d6 3.d4 cxd4 4.Nxd4 Nf6 5.Nc3 a6 6.Be3 e5 7.Nb3 Be6 8.f3 h5
9.Nd5 Bxd5 10.exd5 Nbd7 11.Qd2 Be7 12.Be2 Rc8 13.Na5 Qc7 14.c4 h4 15.O-O Nh5
16.Rfd1 Nf4 17.Bf1 O-O 18.b4 Nf6 19.Qf2 Rfe8 20.g3 hxg3 21.hxg3 N4h5 22.Bh3 Ra8
23.Bb6 Qb8 24.c5 e4 25.c6 bxc6 26.dxc6 Bd8 27.Bxd8 Qxd8 28.Rac1 e3 29.Qe1 Qc7
30.Rd3 d5 31.Kh2 e2 32.Kg2 Re5 33.f4 Re4 34.Qd2 Rae8 35.Re1 Qb6 36.Nb3 Qxc6
37.Nd4 Qc4 38.Nf5 Qc7 39.a3 g6 40.Nd4 Qc4 41.Kh2 Kg7 42.Nf3 Qc7 43.Ne5 R8xe5
44.fxe5 Qxe5 45.a4 d4 46.b5 axb5 47.axb5 Re3 48.Rxe3 dxe3 49.Qxe2 Qxg3+  0-1

[Event "Chigorin Memorial"]
[Site "St Petersburg RUS"]
[Date "2008.10.09"]
[Round "7"]
[White "Ionov,S"]
[Black "Demina,J"]
[Result "1-0"]
[WhiteElo "2543"]
[BlackElo "2357"]

1.e4 c5 2.Nf3 d6 3.d4 cxd4 4.Nxd4 Nf6 5.Nc3 a6 6.Be3 e5 7.Nb3 Be6 8.Qd2 Be7
9.O-O-O Ng4 10.g3 Nxe3 11.Qxe3 Nd7 12.f4 Rc8 13.Kb1 Qb6 14.Qf3 exf4 15.gxf4 Nf6
16.Bh3 O-O 17.e5 dxe5 18.fxe5 Ne8 19.Nd5 Bxd5 20.Rxd5 Rd8 21.Rxd8 Bxd8 22.Bg2 Qb5
23.Re1 b6 24.Nd4 Qc5 25.Nc6 Nc7 26.Rd1 Bg5 27.a3 a5 28.Qg4 Qe3 29.h4 Bf4
30.Rf1 Bxe5 31.Ne7+ Kh8 32.Rxf7 Rd8 33.Qd7 Rb8 34.Nc6 Nb5 35.Nxb8 Nxa3+ 36.Ka2 h5
37.Rf8+  1-0

[Event "1st WMSG Rapid Pair"]
[Site "Beijing CHN"]
[Date "2008.10.10"]
[Round "7"]
[White "Socko,B"]
[Black "Pruess,D"]
[Result "1-0"]
[WhiteElo "2631"]
[BlackElo "2422"]

1.e4 c5 2.Nf3 d6 3.d4 cxd4 4.Nxd4 Nf6 5.Nc3 a6 6.Be3 e5 7.Nf3 Qc7 8.a4 Be7
9.a5 Nbd7 10.Be2 O-O 11.O-O b5 12.axb6 Nxb6 13.Nd2 Bb7 14.Bxb6 Qxb6 15.Nc4 Qd4
16.Na5 Qxd1 17.Rfxd1 Bxe4 18.Nxe4 Nxe4 19.Nc6 Bf6 20.Bxa6 Nc5 21.Bc4 Ne6
22.Bxe6 fxe6 23.b4 d5 24.b5 Rac8 25.Ra7 e4 26.g3 Rf7 27.Rxf7 Kxf7 28.Rb1 Ke8
29.Rc1 Rc7 30.c4 Rb7 31.Na5 Rb8 32.Rb1 dxc4 33.Nxc4 Kd7 34.Nd2 e3 35.fxe3 Rb6
36.Nc4 Rb8 37.Kf2 Be7 38.Ne5+ Kd6 39.Nc6 Rb6 40.Rd1+  1-0

[Event "Chigorin Memorial"]
[Site "St Petersburg RUS"]
[Date "2008.10.10"]
[Round "8"]
[White "Sivokho,S"]
[Black "Bronnikova,E"]
[Result "1-0"]
[WhiteElo "2486"]
[BlackElo "2293"]

1.e4 c5 2.Nf3 d6 3.d4 cxd4 4.Nxd4 Nf6 5.Nc3 a6 6.Be3 e5 7.Nb3 Be6 8.f3 Be7
9.Qd2 O-O 10.O-O-O a5 11.Bb5 Na6 12.g4 Nc7 13.g5 Nd7 14.a4 Qc8 15.Kb1 Nxb5
16.Nxb5 Ra6 17.Nc1 f5 18.Ne2 Qc6 19.Nec3 Nc5 20.Nd5 Bxd5 21.exd5 Qc8 22.b3 f4
23.Bxc5 Qxc5 24.h4 Bd8 25.Qg2 Qc8 26.Rd3 Qd7 27.Qh3 Qxh3 28.Rxh3 Kf7 29.Rc3 Ke7
30.Nc7 Ra7 31.Ne6 Rf7 32.Rc8 Bb6 33.c4 Kd7 34.Rh8 g6 35.Nf8+ Ke7 36.Nxh7 Bd4
37.Nf6 Rxf6 38.gxf6+ Kxf6 39.h5 gxh5 40.R3xh5 Ra6 41.R5h6+ Kg5 42.Re6 Bc5
43.Rg8+ Kh5 44.Reg6 Ra8 45.Kc2 Rxg8 46.Rxg8 Kh4 47.Kd3 Kh3 48.b4 Bxb4 49.Rb8 Kg3
50.Ke4 Kf2 51.Rxb7 Ke2 52.Rb5 Kd2 53.c5 Bxc5 54.Rxc5 dxc5 55.d6  1-0

[Event "Chigorin Memorial"]
[Site "St Petersburg RUS"]
[Date "2008.10.11"]
[Round "9"]
[White "Urjubdshzirov,E"]
[Black "Bodnaruk,A"]
[Result "0-1"]
[WhiteElo "2299"]
[BlackElo "2381"]

1.e4 c5 2.Nf3 d6 3.d4 cxd4 4.Nxd4 Nf6 5.Nc3 a6 6.Be3 e5 7.Nf3 Qc7 8.a4 Be7
9.a5 Nbd7 10.Nd2 b5 11.axb6 Nxb6 12.Bxb6 Qxb6 13.Nc4 Qc6 14.Qd3 O-O 15.Ne3 Rb8
16.b3 Bd8 17.Qc4 Qe8 18.Qa4 Qe7 19.Bc4 a5 20.O-O g6 21.Qa3 Bb7 22.Ncd5 Bxd5
23.Bxd5 Rb5 24.Rad1 Rc5 25.Nc4 Bc7 26.Rd3 Rb8 27.Rfd1 Kg7 28.Qa2 Qe8 29.Qa1 Rb4
30.Qc1 Qe7 31.Qd2 h5 32.h3 Qe8 33.f4 Nxd5 34.Rxd5 Rxd5 35.exd5 exf4 36.Qxf4 Qe7
37.Qd2 Rb5 38.Kh1 Qf6 39.Qd3 Qf5 40.Qd4+ Qf6 41.Qa7 Rc5 42.Qa6 Qf2 43.Na3 Rc3
44.Rf1 Qe3 45.Qb5 Qe7 46.Qa4 Bb6 47.Nc4 Rxh3+ 48.gxh3 Qe4+ 49.Kh2 Qe2+ 50.Kg3 h4+
51.Kxh4 Bf2+ 52.Kg5 Qh5+  0-1

[Event "1st WMSG Blitz Team"]
[Site "Beijing CHN"]
[Date "2008.10.13"]
[Round "1"]
[White "Kryvoruchko,Y"]
[Black "Feldman,V"]
[Result "1-0"]
[WhiteElo "2627"]
[BlackElo "2298"]

1.e4 c5 2.Nf3 d6 3.d4 cxd4 4.Nxd4 Nf6 5.Nc3 a6 6.Be3 e5 7.Nb3 Be6 8.Qd2 Be7
9.f3 O-O 10.g4 b5 11.O-O-O Nbd7 12.Rg1 Nb6 13.g5 Nh5 14.f4 Nxf4 15.Bxf4 exf4
16.Qxf4 Rc8 17.Nd5 Bxd5 18.exd5 Nc4 19.Kb1 Qb6 20.Nd4 Bd8 21.Bh3 Rc5 22.Rgf1 Rxd5
23.Be6 Re5 24.Bxf7+ Kh8 25.g6 Bf6 26.Bxc4 bxc4 27.c3 hxg6 28.Qg4 Rg5 29.Qh3+ Rh5
30.Qg2 Rg5 31.Qc2 Rb8 32.h4 Re5 33.Rg1 Rd5 34.Rg4 Bxd4 35.cxd4 Rb5 36.Rg2 Qa5
37.Qxg6 R8b7 38.Qe8+ Kh7 39.Qe4+ Kh8 40.Rf1 Rxb2+ 41.Rxb2 Rxb2+ 42.Kxb2 Qd2+
43.Qc2 Qb4+ 44.Ka1 c3 45.Rf8+  1-0

[Event "1st WMSG Blitz Team w"]
[Site "Beijing CHN"]
[Date "2008.10.13"]
[Round "2"]
[White "Arutyunova,D"]
[Black "Yanik,E"]
[Result "1-0"]
[WhiteElo "2274"]
[BlackElo "2049"]

1.e4 c5 2.Nf3 d6 3.d4 cxd4 4.Nxd4 Nf6 5.Nc3 a6 6.Be3 e5 7.Nb3 Be6 8.Be2 Be7
9.O-O Nbd7 10.a4 Qc7 11.a5 Nc5 12.Nd2 O-O 13.Bf3 Rac8 14.Ra3 Rfd8 15.b4 Ncd7
16.Qb1 Bc4 17.Rc1 Be6 18.Na4 d5 19.exd5 Bxd5 20.Nb6 Rb8 21.Nxd7 Nxd7 22.Bxd5 Nf6
23.Bf3 Bd6 24.c4 Qd7 25.Ne4 Be7 26.Rd1 Qf5 27.Nxf6+ Qxf6 28.Rxd8+ Rxd8 29.Rd3 Rb8
30.Be4 Qe6 31.Bd5 Qg6 32.Rd1 Qf6 33.b5 Bd6 34.c5 Bc7 35.b6 Bd8 36.Qe4 Qe7
37.Bxb7 Rxb7 38.Qxb7 h6 39.Qxe7 Bxe7 40.c6 Bb4 41.c7 Kh7 42.c8=Q Kg6 43.Qc2+ Kf6
44.Qc6+ Kf5 45.b7 Ba3 46.Qc8+ Kf6 47.b8=Q g5 48.Qb6+ Kg7 49.Qc3 Bd6 50.Qxd6 Kg8
51.Qcxe5 Kh7 52.Qdf6  1-0

[Event "1st WMSG Blitz Team"]
[Site "Beijing CHN"]
[Date "2008.10.13"]
[Round "7"]
[White "Di Berardino,D"]
[Black "Chua Zheng Yuan,T"]
[Result "1/2-1/2"]
[WhiteElo "2502"]
[BlackElo "2139"]

1.e4 c5 2.Nf3 d6 3.d4 cxd4 4.Nxd4 Nf6 5.Nc3 a6 6.Be3 e6 7.Be2 Be7 8.O-O O-O
9.f4 Nc6 10.Qe1 Nxd4 11.Bxd4 b5 12.a3 Bb7 13.Qg3 Rc8 14.Rad1 Qc7 15.Kh1 Rfd8
16.Bd3 g6 17.f5 e5 18.Be3 Kh8 19.fxg6 Rg8 20.Qh4 Rxg6 21.Bg5 Qd8 22.Rf5 Ng8
23.Rxf7 Rg7 24.Rxg7 Kxg7 25.Bxe7 Qxe7 26.Qg4+ Kh8 27.Nd5 Qg7 28.Qh3 Rf8 29.Ne3 Nf6
30.Nf5 Qd7 31.Qh6 Rf7 32.Nh4 Ng4 33.Qg5 Nf2+ 34.Kg1 Nxd1 35.Nf5 Rxf5 36.exf5 Qg7
37.Qd8+ Qg8 38.Qf6+ Qg7 39.Qd8+ Qg8 40.Qf6+ Qg7  1/2-1/2

[Event "1st WMSG Blitz Team w"]
[Site "Beijing CHN"]
[Date "2008.10.13"]
[Round "9"]
[White "Skinke,K"]
[Black "Salman,Ma"]
[Result "1-0"]
[WhiteElo "2186"]
[BlackElo "2112"]

1.e4 c5 2.Nf3 d6 3.d4 cxd4 4.Nxd4 Nf6 5.Nc3 a6 6.Be3 Ng4 7.Bg5 h6 8.Bh4 g5
9.Bg3 Bg7 10.Be2 Ne5 11.Qd2 Qc7 12.Nd5 Qd8 13.h4 e6 14.Ne3 Nbc6 15.c3 Bd7
16.hxg5 hxg5 17.Rxh8+ Bxh8 18.O-O-O Qe7 19.Nxc6 Bxc6 20.Qxd6 Qxd6 21.Rxd6 Bxe4
22.f3 Bc6 23.Rd1 f5 24.Nc2 f4 25.Bf2 Kf7 26.Nb4 Rc8 27.Nxc6 Rxc6 28.Rd8 Bf6
29.Rb8 b5 30.Rb7+ Kg6 31.Kb1 Rd6 32.Kc2 Kf5 33.Bc5 Rc6 34.Bf2 g4 35.Ra7 gxf3
36.gxf3 Rd6 37.a4 bxa4 38.Rh7 Rc6 39.Rh5+ Kg6 40.Rh1 Kf5 41.Ra1 Rc7 42.Rxa4 Rg7
43.Bd4 Rg2 44.Kd1 Nc6 45.Bxf6 Kxf6 46.Rxf4+ Ke5 47.Re4+ Kd6 48.Ra4 Rf2  1-0

[Event "1st WMSG Blitz Team w"]
[Site "Beijing CHN"]
[Date "2008.10.13"]
[Round "10"]
[White "Carlsen,E"]
[Black "Garcia Garcia,Ed"]
[Result "1-0"]
[WhiteElo "1888"]
[BlackElo "2038"]

1.e4 c5 2.Nf3 d6 3.d4 cxd4 4.Nxd4 Nf6 5.Nc3 a6 6.Be3 e6 7.Be2 Be7 8.a4 Nbd7
9.O-O O-O 10.f4 Qc7 11.Qd2 Nc5 12.Bf3 Rb8 13.a5 Bd7 14.Nb3 Bc6 15.Nxc5 dxc5
16.Qf2 Nxe4 17.Nxe4 Bd5 18.Nc3 Bxf3 19.Qxf3 Bf6 20.Qf2 Rbc8 21.Rfb1 Qc6 22.Na4 Rfd8
23.Bxc5 Rd5 24.Be3 Qxc2 25.Nb6 Qxf2+ 26.Bxf2 Rc6 27.Nxd5 exd5 28.Rd1 Bxb2
29.Rab1 Rc2 30.Bb6 g6 31.Rxd5 Kg7 32.Rd8 h5 33.Rd7 Bf6 34.Rxb7 Ra2 35.Rd1 g5
36.fxg5 Bxg5 37.Rdd7 Be3+ 38.Bxe3  1-0

[Event "1st WMSG Blitz Team"]
[Site "Beijing CHN"]
[Date "2008.10.13"]
[Round "10"]
[White "Schneider,Dm"]
[Black "Di Berardino,D"]
[Result "0-1"]
[WhiteElo "2487"]
[BlackElo "2502"]

1.e4 c5 2.Nf3 d6 3.d4 cxd4 4.Nxd4 Nf6 5.Nc3 a6 6.Be3 e5 7.Nb3 Be6 8.Qd2 Be7
9.O-O-O Nbd7 10.f3 O-O 11.g4 b5 12.Kb1 b4 13.Nd5 Bxd5 14.exd5 a5 15.Bb5 Nb6
16.Bc6 Nc4 17.Qe2 Nxe3 18.Qxe3 Rb8 19.Qa7 a4 20.Qxa4 e4 21.g5 Nh5 22.fxe4 Bxg5
23.Nd4 Bf6 24.Rhf1 Be5 25.Qa7 Nf4 26.Nf3 Ng6 27.h4 h5 28.Ng5 Bf6 29.Qf2 Bxg5
30.hxg5 Qxg5 31.Rg1 Qh6 32.Qf5 Ne5 33.Rg5 g6 34.Rdg1 Kh7 35.Qf6 Rbd8 36.Rxe5 dxe5
37.Qxe5 Qe3 38.Rh1 Qf3 39.Rc1 h4 40.Bb5 h3 41.Rf1 Qg2 42.Qe7 Qg4 43.Rxf7+ Rxf7
44.Qxf7+ Kh6 45.Qf2 Qd1+  0-1

[Event "1st WMSG Blitz Team"]
[Site "Beijing CHN"]
[Date "2008.10.13"]
[Round "11"]
[White "Lee,K"]
[Black "Forsaa,E"]
[Result "0-1"]
[WhiteElo "1952"]
[BlackElo "2322"]

1.e4 c5 2.Nf3 d6 3.d4 cxd4 4.Nxd4 Nf6 5.Nc3 a6 6.Be3 e6 7.f3 b5 8.Qd2 Nbd7
9.g4 h6 10.O-O-O Bb7 11.h4 b4 12.Nce2 d5 13.exd5 Nxd5 14.Bf2 Rc8 15.Kb1 Be7
16.Nb3 Qc7  0-1

[Event "1st WMSG Blitz Team KO"]
[Site "Beijing CHN"]
[Date "2008.10.14"]
[Round "2.1"]
[White "Kryvoruchko,Y"]
[Black "Gopal,G"]
[Result "1-0"]
[WhiteElo "2627"]
[BlackElo "2548"]

1.e4 c5 2.Nf3 d6 3.d4 cxd4 4.Nxd4 Nf6 5.Nc3 a6 6.Be3 e5 7.Nb3 Be7 8.Qd2 Ng4
9.Nd5 Nxe3 10.Nxe3 Be6 11.Bc4 Nd7 12.O-O O-O 13.Bd5 Qc7 14.Rfd1 Rac8 15.Rac1 Nf6
16.Qd3 Rfd8 17.c4 a5 18.h3 Nd7 19.Nd2 Nc5 20.Qe2 Bg5 21.Nb1 g6 22.Nc3 Kg7
23.Nb5 Qb6 24.b3 Bd7 25.Rc2 Ne6 26.Bxe6 Bxe6 27.Nd5 Qc5 28.a3 h5 29.b4 axb4
30.axb4 Qc6 31.Na7 Qa4  1-0

[Event "1st WMSG Rapid Team w"]
[Site "Beijing CHN"]
[Date "2008.10.14"]
[Round "2"]
[White "Carlsen,E"]
[Black "Garcia Garcia,Ed"]
[Result "1-0"]
[WhiteElo "1888"]
[BlackElo "2038"]

1.e4 c5 2.Nf3 d6 3.d4 cxd4 4.Nxd4 Nf6 5.Nc3 a6 6.Be3 Qc7 7.Be2 e6 8.a4 b6
9.f4 Bb7 10.Bf3 Nbd7 11.Bf2 g6 12.O-O Bg7 13.Nb3 O-O 14.Qe2 Nc5 15.Rad1 Bc6
16.Nxc5 dxc5 17.e5 Nd7 18.Bxc6 Qxc6 19.Rd6 Qc7 20.Rfd1 Rfd8 21.Qd3 Ra7 22.Ne4 Bf8
23.Nf6+ Nxf6 24.Rxd8 Nd5 25.Bh4 c4 26.Qe4 Qc5+ 27.Bf2 Qc7 28.R8xd5 exd5 29.Qxd5 Be7
30.h3 Rb7 31.Be3 Rb8 32.Qe4 b5 33.axb5 axb5 34.e6 Bf6 35.Rd7 Qa5 36.exf7+ Kf8
37.Bc5+  1-0

[Event "1st WMSG Rapid Team w"]
[Site "Beijing CHN"]
[Date "2008.10.14"]
[Round "2"]
[White "Arutyunova,D"]
[Black "Yanik,E"]
[Result "0-1"]
[WhiteElo "2274"]
[BlackElo "2049"]

1.e4 c5 2.Nf3 d6 3.d4 cxd4 4.Nxd4 Nf6 5.Nc3 a6 6.Be3 e5 7.Nb3 Be7 8.f3 Be6
9.Qd2 Qc7 10.O-O-O Nbd7 11.g4 O-O 12.g5 Nh5 13.Kb1 b5 14.Nd5 Bxd5 15.exd5 Rac8
16.Bh3 g6 17.Bg4 Nf4 18.Bxf4 exf4 19.Bxd7 Qxd7 20.Qxf4 Rc4 21.Rd4 Rfc8 22.c3 Rxd4
23.Nxd4 Rc4 24.Qd2 b4 25.cxb4 Bxg5 26.Qxg5 Rxd4 27.a3 Qb5 28.Qd8+ Kg7 29.Qxd6 Rxd5
30.Qf4 Qd3+ 31.Ka1 Rf5 32.Qe4 Rxf3 33.Qe5+ Kh6 34.Qe1 f5 35.h4 Qd4 36.h5 Rxa3+
37.Kb1 Qd3+  0-1

[Event "1st WMSG Rapid Team w"]
[Site "Beijing CHN"]
[Date "2008.10.14"]
[Round "2"]
[White "Swathi,G"]
[Black "Ghader Pour,S"]
[Result "0-1"]
[WhiteElo "2320"]
[BlackElo "2149"]

1.e4 c5 2.Nf3 d6 3.d4 cxd4 4.Nxd4 Nf6 5.Nc3 a6 6.Be3 Nc6 7.Be2 Bd7 8.Nb3 Na5
9.O-O e6 10.f4 Be7 11.e5 Nd5 12.Nxd5 exd5 13.Qxd5 Nxb3 14.axb3 Bc6 15.Qd4 dxe5
16.Qxe5 O-O 17.Rad1 Qe8 18.Bd3 Bf6 19.Qc5 Rc8 20.Rfe1 Be4 21.Qb6 Bxd3 22.cxd3 Qd7
23.d4 Qd5 24.Rc1 h6 25.Bf2 Rfd8 26.Rxc8 Rxc8 27.h3 Rc2 28.Rd1 Bh4 29.Rf1 Rxb2
30.b4 Qa2 31.d5 Rxf2 32.Rxf2 Qxf2+ 33.Qxf2 Bxf2+ 34.Kxf2 Kf8 35.Ke3 Ke7 36.Kd4 Kd6
37.Kc4 b6 38.Kd4 a5 39.bxa5 bxa5 40.Kc4 a4 41.Kd4  0-1

[Event "1st WMSG Rapid Team"]
[Site "Beijing CHN"]
[Date "2008.10.15"]
[Round "4"]
[White "Rasmussen,A"]
[Black "Paragua,M"]
[Result "0-1"]
[WhiteElo "2513"]
[BlackElo "2526"]

1.e4 c5 2.Nf3 d6 3.d4 cxd4 4.Nxd4 Nf6 5.Nc3 a6 6.Be3 e5 7.Nb3 Be6 8.f3 h5
9.Nd5 Bxd5 10.exd5 Nbd7 11.Qd2 a5 12.a4 Be7 13.O-O-O O-O 14.Qf2 Qc7 15.Bb5 Rfc8
16.Rd3 e4 17.Rd4 Ne5 18.Kb1 Bd8 19.h3 exf3 20.gxf3 Qe7 21.Rdd1 h4 22.Rhe1 Qc7
23.Bd4 Ng6 24.c4 Nh5 25.Re4 Bf6 26.Bb6 Qb8 27.f4 Ng3 28.Ree1 Bd8 29.Bd4 Ne7
30.Qf3 Ngf5 31.Bf2 Bc7 32.Qg4 Rf8 33.Bd7 Nh6 34.Qxh4 Ng6 35.Qg3 Qd8 36.Bb5 Qf6
37.Bd4 Qf5+ 38.Ka2 Bd8 39.Rg1 Qh5 40.Bc3 Bb6 41.Rge1 Qf5 42.Rf1 Qh5 43.Qg5 Qh4
44.Nd4 Bd8 45.Qxh4 Nxh4 46.f5 Bf6 47.Rde1 Bxd4 48.Bxd4 N4xf5 49.Bc3 b6 50.Rf4 Ra7
51.Ref1 g6 52.Bd2 Re7 53.R4f2 Kh7 54.b4 axb4 55.Bxb4 Rc8 56.Re1 Rxe1 57.Bxe1 Nd4
58.Bb4 Nhf5 59.Rf4 Ra8 60.Kb2 Rc8 61.Ba6 Rc7 62.Bxd6 Nxd6 63.Rxd4 f5  0-1

[Event "1st WMSG Rapid Team"]
[Site "Beijing CHN"]
[Date "2008.10.15"]
[Round "5"]
[White "Jung Ho Jin"]
[Black "Laouini,Sa"]
[Result "0-1"]
[WhiteElo "1851"]
[BlackElo "2209"]

1.e4 c5 2.Nf3 d6 3.d4 cxd4 4.Nxd4 Nf6 5.Nc3 a6 6.Be3 e6 7.f3 b5 8.Qd2 Qc7
9.O-O-O Nbd7 10.Kb1 Nb6 11.Ndxb5 axb5 12.Nxb5 Qb8 13.Qc3 Na4 14.Qc6+ Kd8
15.Bd4 Bd7 16.Qc4 Ra5 17.Na3 d5 18.Bxf6+ gxf6 19.Qb3 Qxb3 20.cxb3 Bxa3 21.bxa4 Bxa4
22.b3 Bc6 23.exd5 Bxd5 24.Bc4 Ke7 25.Bxd5 Rxd5 26.Rxd5 exd5 27.Re1+ Kd6 28.Kc2 Rc8+
29.Kd3 Bb4 30.Re2 Rc3+ 31.Kd4 Rc1 32.Ke3 Rd1 33.Rc2 d4+ 34.Ke2 Re1+ 35.Kf2 d3
36.Rc8 d2 37.Rd8+ Kc7 38.Rf8 Bxf8  0-1

[Event "1st WMSG Rapid Team"]
[Site "Beijing CHN"]
[Date "2008.10.15"]
[Round "6"]
[White "Kulaots,K"]
[Black "Nguyen Anh Dung"]
[Result "1/2-1/2"]
[WhiteElo "2556"]
[BlackElo "2496"]

1.e4 c5 2.Nf3 d6 3.d4 cxd4 4.Nxd4 Nf6 5.Nc3 a6 6.Be3 e5 7.Nf3 Qc7 8.a4 Be7
9.a5 Nbd7 10.Nd2 b5 11.axb6 Nxb6 12.Bxb6 Qxb6 13.Bb5+ Kf8 14.Ra2 h5 15.O-O Rh6
16.Be2 Be6 17.Bc4 Bg4 18.Nf3 Rg6 19.Qd3 a5 20.b3 Kg8 21.Rfa1 Bd8 22.Nh4 Rh6
23.h3 Bd7 24.Qf3 Be6 25.Nf5 Bxf5 26.Qxf5 Qd4 27.Qf3 Qc5 28.Rd1 Rb8 29.Raa1 g5
30.Rd3 g4 31.Qf5 Kg7 32.Rad1 Rg6 33.hxg4 hxg4 34.g3 Be7 35.Nd5 Nxd5 36.Rxd5 Qc8
37.Qxc8 Rxc8 38.Rxa5 Rh8 39.Kf1 Rh2 40.Ke2 Bg5 41.Rad5 Rf6 42.Rf1 Rfh6 43.b4 Bd8
44.Rb5 Bg5 45.Rb7 Rf6 46.b5 Rf3 47.b6 Kg6 48.Rd7 Be3 49.Rxf7 Bxb6 50.Rxf3 gxf3+
51.Kxf3 Kg5 52.Be6 Bc5 53.Ke2 Bd4 54.Kf3 Bc5 55.Ke2 Bd4 56.c4 Bc5 57.Bd7 Bd4
58.Be6 Bc5 59.Bc8 Bd4 60.Bd7 Bc5 61.Kf3 Bd4 62.Ke2 Bc5 63.Ke1 Kf6 64.Bc6 Rg2
65.Bd5 Kg6 66.f4 Rxg3 67.f5+ Kf6 68.Ke2 Rg2+ 69.Kd3 Rg3+ 70.Kc2 Bd4 71.Rh1 Bc5
72.Rh6+ Kg7 73.Re6 Rf3 74.Re7+ Kh6 75.Rf7 Kg5 76.Rg7+ Kh6 77.Rg6+ Kh7 78.Bg8+ Kh8
79.f6 Bb4 80.Be6 Kh7 81.Bf5 Rc3+ 82.Kb2 Rxc4 83.f7 d5 84.exd5 Rf4 85.Rg4+ Rxf5  1/2-1/2

[Event "Ugra Cup"]
[Site "Khantiy Mansiysk RUS"]
[Date "2008.10.15"]
[Round "1"]
[White "Demianjuk,A"]
[Black "Frolyanov,D"]
[Result "0-1"]
[WhiteElo "2323"]
[BlackElo "2557"]

1.e4 c5 2.Nf3 d6 3.d4 cxd4 4.Nxd4 Nf6 5.Nc3 a6 6.Be3 e5 7.Nb3 Be6 8.f3 Be7
9.Qd2 O-O 10.O-O-O Nbd7 11.g4 b5 12.g5 b4 13.Ne2 Ne8 14.f4 a5 15.f5 Bxb3
16.cxb3 a4 17.bxa4 Rxa4 18.Kb1 Rxa2 19.Nc1 Ra8 20.Nb3 Qb8 21.h4 Nc7 22.Rh3 d5
23.exd5 Bd6 24.Rc1 Nb5 25.Rc6 Nd4 26.Nxd4 exd4 27.Bxd4 Ne5 28.Bxe5 Bxe5 29.Rb3 Ra4
30.f6 Qa7 31.Qe3 Ra1+ 32.Kc2 Qa2 33.Be2 Qb1+ 34.Kd2 Bxb2 35.Rxb2 Qxb2+ 36.Rc2 Qb1
37.Qe7 Qe1+ 38.Kd3 Ra3+ 39.Kd4 Qf2+ 40.Kc4 Qf4+  0-1

[Event "1st WMSG Rapid Team"]
[Site "Beijing CHN"]
[Date "2008.10.16"]
[Round "7"]
[White "Erdogdu,M"]
[Black "Martin del Campo,R"]
[Result "0-1"]
[WhiteElo "2449"]
[BlackElo "2420"]

1.e4 c5 2.Nf3 d6 3.d4 cxd4 4.Nxd4 Nf6 5.Nc3 a6 6.Be3 e5 7.Nb3 Be6 8.f3 h5
9.Nd5 Nxd5 10.exd5 Bf5 11.Be2 Be7 12.Qd2 a5 13.a4 Nd7 14.O-O Bg6 15.f4 exf4
16.Bxf4 O-O 17.Bd3 Bxd3 18.Qxd3 Bf6 19.Kh1 Ne5 20.Qe2 g6 21.c3 Re8 22.Nd4 Bg5
23.Qc2 Bxf4 24.Rxf4 Qg5 25.Raf1 Re7 26.h3 Nd7 27.c4 Rae8 28.b3 Nc5 29.Kh2 Re4
30.Rxe4 Rxe4 31.Qf2 Qe7 32.Nb5 Re5 33.Nd4 Re3 34.Qf6 Nxb3 35.Nb5 Nd2 36.Qxe7 Nxf1+
37.Kg1 Rxe7 38.Kxf1 Rd7 39.Ke2 Kf8 40.Ke3 Ke7 41.Ke4 Rd8 42.Kd4 Kd7 43.Nc3 f5
44.c5 dxc5+ 45.Kxc5 Rc8+ 46.Kd4 Re8 47.h4 Re1 48.g3 Rg1 49.Ne2 Rg2 50.Nf4 Rxg3
51.Ne6 Kd6 52.Nd8 Rg4+ 53.Ke3 b6  0-1